Score 0/18 Timer 03:00
7 Plays Today
% Correct
Mexico
86.8%
Madagascar
78.9%
Mali
78.8%
Mongolia
77.3%
Mauritania
75.3%
Myanmar
70.4%
Morocco
70%
Mozambique
69.9%
Montenegro
68.7%
% Correct
Malaysia
68.5%
Mauritius
68.3%
Maldives
67.5%
Monaco
67.5%
Moldova
67%
Micronesia
59.1%
Malawi
57.7%
Malta
53.7%
Marshall Islands
42.6%
Remove Ads.
Support Sporcle.
Get the best of Sporcle when you Go Orange. This ad-free experience offers more features, more stats, and more fun while also helping to support Sporcle. Thank you for becoming a member.

You're not logged in!

Compare scores with friends on all Sporcle quizzes.
OR
Log In

Sporcle TV

Today on Sporcle TV


Watch our educational content, quiz creation guides, and fun videos on Sporcle TV.

Show Comments

Extras

Top Quizzes Today


Score Distribution

Paid Content

Your Account Isn't Verified!

In order to create a playlist on Sporcle, you need to verify the email address you used during registration. Go to your Sporcle Settings to finish the process.

Report this User

Report this user for behavior that violates our Community Guidelines.

Details: